[Event "Perth op"]
[Site "Perth"]
[Date "2016.02.20"]
[Round "2.10"]
[White "Borwell, Alan Peter"]
[Black "Brookens, Lewis"]
[Result "1/2-1/2"]
[WhiteElo "2032"]
[BlackElo "1772"]
[PlyCount "61"]
[EventDate "2016.02.19"]
[EventType "swiss"]
[EventRounds "5"]
[EventCountry "SCO"]
[SourceTitle "EXT 2023"]
[Source "ChessBase"]
[SourceDate "2022.10.05"]
[SourceVersion "1"]
[SourceVersionDate "2022.10.05"]
[SourceQuality "1"]

1. e4 c5 2. b3 e5 3. Bb2 d6 4. Bb5+ Nc6 5. Ne2 Nf6 6. Ng3 Be7 7. 0-0 0-0 8. c3 d5 9. Bxc6 bxc6 10. d3 Be6 11. Nd2 Qd7 12. Qe2 Bd6 13. d4 Nxe4 14. Ndxe4 dxe4 15. dxe5 Bxe5 16. Nxe4 Qc7 17. h3 Rfe8 18. Qc2 c4 19. Ng5 g6 20. Nxe6 Rxe6 21. bxc4 Rae8 22. Rad1 Bf6 23. Bc1 Qa5 24. Rd3 Kg7 25. Be3 Rb8 26. Rfd1 Qa3 27. Bc1 Qc5 28. Qd2 Qxc4 29. Qh6+ Kg8 30. Bf4 Rbe8 31. Bg5 1/2-1/2

[Event "IECG QF.2005.0.00065 email"]
[Site "IECG email"]
[Date "2005.05.05"]
[Round "?"]
[White "Brookens, Lewis"]
[Black "Ruchay, Joachim"]
[Result "1-0"]
[WhiteElo "1181"]
[BlackElo "1159"]
[PlyCount "53"]
[EventDate "2005.05.05"]
[EventType "tourn (corr)"]
[EventRounds "6"]
[SourceTitle "Corr 2008"]
[Source "ChessBase"]
[SourceDate "2008.06.24"]
[SourceVersion "1"]
[SourceVersionDate "2008.06.24"]
[SourceQuality "1"]

1. d4 d5 2. c4 e6 3. Nc3 Nf6 4. Nf3 Bb4 5. Qa4+ Nc6 6. a3 Bxc3+ 7. bxc3 0-0 8. Bg5 h6 9. Bxf6 Qxf6 10. e3 Qg6 11. g3 Bd7 12. Qd1 Na5 13. cxd5 exd5 14. Bd3 Qf6 15. 0-0 Bg4 16. Be2 Nc4 17. Kg2 b5 18. Ne5 Bxe2 19. Qxe2 a6 20. Nd7 Qe6 21. Nxf8 Rxf8 22. a4 c6 23. axb5 axb5 24. Ra7 Qe4+ 25. Kg1 f5 26. Rfa1 f4 27. Qg4 1-0

[Event "IECG QF.2002.0.00028"]
[Site "IECG email"]
[Date "2002.11.28"]
[Round "?"]
[White "Duncan, Alex"]
[Black "Brookens, Lewis"]
[Result "0-1"]
[WhiteElo "1000"]
[BlackElo "1172"]
[PlyCount "58"]
[EventDate "2002.11.28"]
[EventType "tourn (corr)"]
[EventRounds "6"]
[SourceTitle "Corr 2024"]
[Source "ChessBase"]
[SourceDate "2023.10.19"]
[SourceVersion "1"]
[SourceVersionDate "2023.10.19"]
[SourceQuality "1"]

1. e4 c5 2. Nf3 d6 3. d4 cxd4 4. Nxd4 Nf6 5. Nc3 a6 6. Bd3 e5 7. Nf5 Bxf5 8. exf5 d5 9. 0-0 Be7 10. Bd2 0-0 11. h3 e4 12. Be2 d4 13. Na4 b5 14. c3 bxa4 15. Qxa4 d3 16. Bg4 Nbd7 17. Bg5 Nxg4 18. Bxe7 Qxe7 19. Rae1 Ngf6 20. Re3 Qc5 21. Rfe1 Rfb8 22. Rg3 Rxb2 23. Rxe4 Rb1+ 24. Kh2 d2 25. Rd3 Qxf2 26. Rxd7 Qg1+ 27. Kg3 Nxe4+ 28. Qxe4 Qe1+ 29. Kf4 Qxe4+ 0-1

[Event "IECG QF.2002.0.00028"]
[Site "IECG email"]
[Date "2002.11.28"]
[Round "?"]
[White "Poulsen, Jesper"]
[Black "Brookens, Lewis"]
[Result "1/2-1/2"]
[WhiteElo "1019"]
[BlackElo "1172"]
[PlyCount "99"]
[EventDate "2002.11.28"]
[EventType "tourn (corr)"]
[EventRounds "6"]
[SourceTitle "Corr 2024"]
[Source "ChessBase"]
[SourceDate "2023.10.19"]
[SourceVersion "1"]
[SourceVersionDate "2023.10.19"]
[SourceQuality "1"]

1. d4 d5 2. Nf3 Nf6 3. Bf4 Bf5 4. e3 e6 5. c4 Bb4+ 6. Nc3 c6 7. Qb3 Qa5 8. a3 Bxc3+ 9. Qxc3 Qxc3+ 10. bxc3 Ne4 11. cxd5 cxd5 12. c4 Nd7 13. cxd5 exd5 14. Nd2 Nxd2 15. Kxd2 Ke7 16. Rc1 Rhc8 17. Bb5 a6 18. Ba4 b5 19. Bb3 Be6 20. Rc7 Rxc7 21. Bxc7 Rc8 22. Rc1 Nb8 23. Be5 Rxc1 24. Kxc1 Nc6 25. Bxg7 Na5 26. Bc2 h5 27. Kb2 h4 28. Kc3 Nc4 29. a4 bxa4 30. Bxa4 a5 31. Bh6 f6 32. Bb3 Nd6 33. f3 Nb5+ 34. Kd3 Nd6 35. g4 hxg3 36. hxg3 f5 37. Bg5+ Kd7 38. Ba4+ Kc8 39. Be7 Kc7 40. Bxd6+ Kxd6 41. e4 fxe4+ 42. fxe4 dxe4+ 43. Kxe4 Ba2 44. g4 Ke6 45. Bc2 Kd6 46. g5 Bc4 47. g6 Ke6 48. Ke3 Kf6 49. Kd2 a4 50. Kc3 1/2-1/2

[Event "IECG CP.2001.P.00003"]
[Site "IECG email"]
[Date "2001.10.01"]
[Round "?"]
[White "Roman, Eduardo Luis"]
[Black "Brookens, Lewis"]
[Result "1-0"]
[WhiteElo "2415"]
[BlackElo "1300"]
[PlyCount "21"]
[EventDate "2001.10.01"]
[EventType "tourn (corr)"]
[EventRounds "6"]
[SourceTitle "Corr 2008"]
[Source "ChessBase"]
[SourceDate "2008.06.24"]
[SourceVersion "1"]
[SourceVersionDate "2008.06.24"]
[SourceQuality "1"]

1. e4 e5 2. Nf3 Nc6 3. d4 exd4 4. Nxd4 Bc5 5. Nb3 Bb6 6. a4 Qf6 7. Qe2 Nge7 8. a5 Nd4 9. Nxd4 Bxd4 10. c3 Bc5 11. Nd2 1-0

[Event "IECG CE.2001.0.00009 email"]
[Site "IECG email"]
[Date "2001.08.31"]
[Round "?"]
[White "Lopez, Antonio"]
[Black "Brookens, Lewis"]
[Result "1-0"]
[WhiteElo "1288"]
[BlackElo "1300"]
[PlyCount "45"]
[EventDate "2001.08.31"]
[EventType "tourn (corr)"]
[EventRounds "6"]
[SourceTitle "Corr 2008"]
[Source "ChessBase"]
[SourceDate "2008.06.24"]
[SourceVersion "1"]
[SourceVersionDate "2008.06.24"]
[SourceQuality "1"]

1. e4 e5 2. Nf3 Nc6 3. Bc4 Bc5 4. d3 Nf6 5. c3 d6 6. b4 Bb6 7. a4 a6 8. a5 Ba7 9. 0-0 0-0 10. Bg5 Ne7 11. Bxf6 gxf6 12. Qc1 Ng6 13. Qh6 Qe7 14. Re1 Be6 15. Nbd2 Bxc4 16. Nxc4 Qe6 17. Ne3 Bxe3 18. Rxe3 Kh8 19. Nd4 exd4 20. Rh3 Qxh3 21. Qxh3 dxc3 22. Rc1 b5 23. Rxc3 1-0

[Event "IECG CE.2001.0.00009 email"]
[Site "IECG email"]
[Date "2001.08.31"]
[Round "?"]
[White "Trevis, Robert R"]
[Black "Brookens, Lewis"]
[Result "1/2-1/2"]
[WhiteElo "1275"]
[BlackElo "1300"]
[PlyCount "51"]
[EventDate "2001.08.31"]
[EventType "tourn (corr)"]
[EventRounds "6"]
[SourceTitle "Corr 2008"]
[Source "ChessBase"]
[SourceDate "2008.06.24"]
[SourceVersion "1"]
[SourceVersionDate "2008.06.24"]
[SourceQuality "1"]

1. e4 e5 2. Nf3 Nc6 3. Bb5 a6 4. Ba4 Nf6 5. 0-0 Be7 6. Re1 b5 7. Bb3 d6 8. c3 0-0 9. h3 Bb7 10. d4 Re8 11. Nbd2 Bf8 12. a4 h6 13. d5 Na7 14. Nf1 c6 15. axb5 axb5 16. Ng3 cxd5 17. Bxd5 Nc6 18. Rxa8 Qxa8 19. c4 bxc4 20. Bxc4 Nd4 21. Nxd4 exd4 22. Qxd4 Nxe4 23. Nxe4 Rxe4 24. Rxe4 Bxe4 25. Bf1 Qd5 26. Qxd5 1/2-1/2

[Event "IECG QE.2001.0.00003"]
[Site "IECG email"]
[Date "2001.06.16"]
[Round "?"]
[White "Brookens, Lewis"]
[Black "Senis, Enrico"]
[Result "0-1"]
[WhiteElo "1300"]
[BlackElo "1350"]
[PlyCount "50"]
[EventDate "2001.06.16"]
[EventType "tourn (corr)"]
[EventRounds "6"]
[SourceTitle "Corr 2008"]
[Source "ChessBase"]
[SourceDate "2008.06.24"]
[SourceVersion "1"]
[SourceVersionDate "2008.06.24"]
[SourceQuality "1"]

1. d4 d5 2. c4 Nc6 3. Nf3 Bg4 4. cxd5 Bxf3 5. exf3 Qxd5 6. Be3 e5 7. Nc3 Bb4 8. a3 Bxc3+ 9. bxc3 exd4 10. Bxd4 Nxd4 11. Qxd4 Qxd4 12. cxd4 0-0-0 13. Bc4 Rxd4 14. Bxf7 Nf6 15. 0-0 Rhd8 16. Rfe1 c5 17. Rec1 b6 18. g3 Rd2 19. a4 h6 20. a5 Kd7 21. axb6 axb6 22. Re1 b5 23. Ra7+ Kc6 24. Ra6+ Kc7 25. Ree6 R2d6 0-1

[Event "IECG QE.2001.0.00003"]
[Site "IECG email"]
[Date "2001.06.16"]
[Round "?"]
[White "Jannink, Robert HH"]
[Black "Brookens, Lewis"]
[Result "0-1"]
[WhiteElo "1251"]
[BlackElo "1300"]
[PlyCount "27"]
[EventDate "2001.06.16"]
[EventType "tourn (corr)"]
[EventRounds "6"]
[SourceTitle "Corr 2008"]
[Source "ChessBase"]
[SourceDate "2008.06.24"]
[SourceVersion "1"]
[SourceVersionDate "2008.06.24"]
[SourceQuality "1"]

1. e4 e5 2. f4 exf4 3. Nf3 g5 4. h4 g4 5. Ne5 Bg7 6. Nxg4 d5 7. Nf2 dxe4 8. Nxe4 Nf6 9. Nf2 0-0 10. Be2 Re8 11. 0-0 Ne4 12. Nxe4 Rxe4 13. c3 Qxh4 14. d3 0-1

[Event "IECG QE.2001.0.00003"]
[Site "IECG email"]
[Date "2001.06.16"]
[Round "?"]
[White "Senis, Enrico"]
[Black "Brookens, Lewis"]
[Result "1/2-1/2"]
[WhiteElo "1350"]
[BlackElo "1300"]
[PlyCount "50"]
[EventDate "2001.06.16"]
[EventType "tourn (corr)"]
[EventRounds "6"]
[SourceTitle "Corr 2008"]
[Source "ChessBase"]
[SourceDate "2008.06.24"]
[SourceVersion "1"]
[SourceVersionDate "2008.06.24"]
[SourceQuality "1"]

1. d4 Nf6 2. Nf3 e6 3. g3 b5 4. Bg2 Bb7 5. 0-0 c5 6. c3 Na6 7. Bg5 Be7 8. Nbd2 0-0 9. e3 h6 10. Bxf6 Bxf6 11. Qc2 cxd4 12. exd4 d5 13. a3 Nb8 14. Rfe1 Nd7 15. Nb3 Qc7 16. Rac1 a5 17. Qd3 a4 18. Na1 Bc6 19. Nc2 Be7 20. Re2 Nb6 21. Rce1 Nc4 22. Rb1 Rae8 23. Nb4 Bxb4 24. axb4 Qe7 25. Rc1 Qc7 1/2-1/2

[Event "IECG CE.2001.0.00003 email"]
[Site "IECG email"]
[Date "2001.05.14"]
[Round "?"]
[White "Cobb, Adam"]
[Black "Brookens, Lewis"]
[Result "1-0"]
[WhiteElo "1200"]
[BlackElo "1300"]
[PlyCount "37"]
[EventDate "2001.05.14"]
[EventType "tourn (corr)"]
[EventRounds "6"]
[SourceTitle "Corr 2008"]
[Source "ChessBase"]
[SourceDate "2008.06.24"]
[SourceVersion "1"]
[SourceVersionDate "2008.06.24"]
[SourceQuality "1"]

1. e4 e5 2. f4 exf4 3. Nf3 g5 4. h4 g4 5. Ng5 h6 6. Nxf7 Kxf7 7. Nc3 Nf6 8. d4 d5 9. Bxf4 dxe4 10. Bc4+ Ke8 11. Qe2 Bb4 12. Qe3 Nd5 13. Qxe4+ Ne7 14. Qe5 Rf8 15. Bxh6 Qd6 16. Bxf8 Qxe5+ 17. dxe5 Kxf8 18. 0-0+ Ke8 19. Ne4 1-0